000 00247nam a2200109Ia 4500
008 190216s9999||||xx |||||||||||||| ||und||
100 _aJainendra Kumari
245 0 _a23 Hindikathakal
260 _bNbs Kottayam
650 _aKathakal
942 _cBK
999 _c24742
_d24742